Pendidikan politik dan khilafah Islam dalam pelbagai perspektif

Bibliographic Details
Main Author: Yahaya Jusoh
Corporate Author: Title
Other Authors: Kamarul Azmi b. Jasmi
Format: Book
Published: Johor : UTM , 2006
Subjects:

MARC

LEADER 00000cam a2200000 7i4500
001 0000012637
005 20071227.0
008 071227
020 |a 9835204063 
090 0 0 |a 297.272   |b YAH 
100 1 |a Yahaya Jusoh 
245 1 0 |a Pendidikan politik dan khilafah Islam dalam pelbagai perspektif   |c Yahaya Jusoh, Kamarul Azmi b. Jasmi 
260 |a Johor :   |b UTM ,   |c 2006 
650 0 |a Caliphate 
650 0 |a Caliphs 
650 0 |a Islam and politics 
650 0 |a Islam and state 
650 0 |a Islamic stories, Malay 
700 0 |a Kamarul Azmi b. Jasmi 
710 0 |a Title 
999 |a 0001009897   |b Book   |c Adult Collection   |e Perbadanan Perpustakaan Awam Johor